banner koha

Gas exchange and leaf area of banana plants under salt stress inoculated with growth-promoting bacteria (Registro n. 338537)

MARC details
000 -LÍDER
fixed length control field 04074nab a2200373 i 4500
003 - CÓDIGO MARC DA AGÊNCIA CATALOGADORA
Campo de controle BR-BrBNA
005 - DATA E HORA DA ÚLTIMA ATUALIZAÇÃO
Campo de controle 20251002165134.0
008 - CAMPO DE TAMANHO FIXO
fixed length control field 251002b2021 bl.mr|pooa||| 00| 0 eng |
040 ## - FONTE DA CATALOGAÇÃO
Agência catalogadora BR-BrBNA
Idioma da catalogação eng
072 ## - CATEGORIA AGRIS
Código AGRIS F60
Código do objeto 1112
072 ## - CATEGORIA AGRIS
Código AGRIS P34
072 ## - CATEGORIA AGRIS
Código AGRIS F06
100 ## - ENTRADA PRINCIPAL - NOME PESSOAL
Nome pessoal Rodrigues, Ana J. O.
100 ## - ENTRADA PRINCIPAL - NOME PESSOAL
Nome pessoal Araújo, Beatriz de A.
100 ## - ENTRADA PRINCIPAL - NOME PESSOAL
Nome pessoal Bezerra, Marlos A.
100 ## - ENTRADA PRINCIPAL - NOME PESSOAL
Nome pessoal Silva, Christiana de F. B. da
100 ## - ENTRADA PRINCIPAL - NOME PESSOAL
Nome pessoal Sousa, Alan B. O. de
100 ## - ENTRADA PRINCIPAL - NOME PESSOAL
Nome pessoal Nogueira, Cynthia M. R.
245 ## - TÍTULO PRINCIPAL
Título principal Gas exchange and leaf area of banana plants under salt stress inoculated with growth-promoting bacteria
500 ## - NOTA GERAL
Nota geral Publicação on-line; 30 ref.; 4 illus; Sumaries (En, Pt)
942 ## - ADDED ENTRY ELEMENTS (KOHA)
Koha item type Analítica
520 ## - NOTA DE RESUMO
Nota de conteúdo <br/><br/>ABSTRACT: Banana orchards in arid and semiarid regions require the use of irrigation. However, the presence of high concentration of salts in water can impair the development of plants, requiring the evaluation of new technologies to mitigate the effects of stress. The objective of this study was to evaluate gas exchange and leaf area in banana seedlings of the cultivar Prata Catarina inoculated with strains of Bacillus spp. under different electrical conductivities of irrigation water. The experiment was carried out in a greenhouse at Embrapa Tropical Agroindustry, Fortaleza, Ceará state, Brazil. The design used was in randomized blocks, in a 4 × 4 factorial scheme, with the first factor being the inoculation treatments: without any application; slow-release fertilizer; Strain 186 and Strain 109, and the second factor being the electrical conductivity of irrigation water (0.5; 1.5; 3.0; 4.5 dS m-1), in five blocks and each plot consisting of three plants. The electrical conductivity of irrigation water negatively influenced the gas exchange of banana cv. Prata Catarina in the vegetative stage, during the 89 days of cultivation. The Bacillus spp. strains 186 and 109 did not improve the gas exchange and leaf area of plants under salinity conditions.<br/><br/>Key words: Bacillus sp., photosynthetic limitations, growth, salinity
520 ## - NOTA DE RESUMO
Nota de conteúdo <br/><br/>RESUMO: Os pomares de banana em regiões áridas e semiáridas requerem o uso de irrigação. Porém, a presença de altos teores de sais na água pode prejudicar o desenvolvimento das plantas, exigindo a busca de tecnologias para amenizar os efeitos do estresse. O objetivo deste estudo foi avaliar as trocas gasosas e área foliar em mudas de bananeira da cultivar Prata Catarina inoculadas com cepas de Bacillus spp. sob diferentes valores de condutividade elétrica da água de irrigação. O experimento foi conduzido em casa de vegetação na Embrapa Agroindústria Tropical, Fortaleza, Ceará, Brasil. O delineamento utilizado foi em blocos casualizados, em esquema fatorial 4 × 4, sendo o primeiro fator os tratamentos de inoculação: sem qualquer aplicação; fertilizante de liberação lenta; as linhagens 186 e 109 e o segundo fator a condutividade elétrica da água de irrigação (0,5; 1,5; 3,0; 4,5 dS m-1), em cinco blocos sendo cada parcela constituída por três plantas. A condutividade elétrica da água de irrigação influenciou negativamente as trocas gasosas da bananeira cv. Prata Catarina na fase vegetativa, aos 89 dias de cultivo. Os Bacillus spp. 186 e 109 não melhoraram as trocas gasosas nem aumentaram a área foliar das plantas em condições de salinidade.<br/><br/>Palavras-chave: Bacillus sp., limitações fotossintéticas, crescimento, salinidade
650 ## - ASSUNTO - THESAGRO
Cabeçalho tópico ou nome geográfico BANANA
650 ## - ASSUNTO - THESAGRO
Cabeçalho tópico ou nome geográfico IRRIGAÇÃO
650 ## - ASSUNTO - THESAGRO
Cabeçalho tópico ou nome geográfico ÁGUA SALINA
650 ## - ASSUNTO - THESAGRO
Cabeçalho tópico ou nome geográfico CONDUTIVIDADE ELÉTRICA
650 ## - ASSUNTO - THESAGRO
Cabeçalho tópico ou nome geográfico INOCULAÇÃO
650 ## - ASSUNTO - THESAGRO
Cabeçalho tópico ou nome geográfico TROCA GASOSA
650 ## - ASSUNTO - THESAGRO
Cabeçalho tópico ou nome geográfico ÁREA FOLIAR
773 0# - ENTRADA ANALÍTICA
Host Biblionumber 3534
Registro do item 317815
Imprenta Campina Grande-PB Universidade Federal de Campina Grande. Centro de Ciências e Tecnologia 1997
Outro identificador 2024-4534
Título Revista Brasileira de Engenharia Agrícola e Ambiental (Brazil)
ISSN 1415-4366
Colação v. 25 (11) p. 779-786; (2021)
Número de controle de registro BR2025002105
856 ## - ACESSO E ENDEREÇO ELETRÔNICO
Identificador uniforme de recurso - URI https://www.scielo.br/j/rbeaa/a/CTZhgpqhvRCP4cvSsDJWrsH/?format=pdf&lang=en

Nenhum exemplar disponível.

BINAGRI

Telefone: (61)3218-2567/2388/3357/2097 - binagri@agro.gov.br

Ministério da Agricultura e Pecuária , Esplanada dos Ministérios, Bloco D, Anexo B, Brasília/DF, CEP: 70.043-900